| 000 | 00000nam##2200000za#4500 |
| 001 | 9.648267 |
| 003 | CaOODSP |
| 005 | 20200330092104 |
| 007 | ta |
| 008 | 150407|1997||||xxc||||| f|0| 0 eng|d |
| 020 | |a0-662-65963-5 |
| 040 | |aCaOODSP|beng |
| 043 | |an-cn--- |
| 086 | 1 |aE2-410/1997E |
| 110 | 1 |aCanada.|bForeign Affairs and International Trade. |bCanadian Centre for Foreign Policy Development. |
| 245 | 10|aAsia-Pacific: questions and answers : |bdiscussion paper / |cby John Hay. |
| 260 | |aOttawa - Ontario : |bForeign Affairs and International Trade. |c1997. |
| 300 | |a13p. in various pagings. ; |c28 cm. |
| 563 | |aSoftcover |
| 590 | |a02-34|b2002-08-23 |
| 690 | 07|aInternational markets|2gcpds |
| 690 | 07|aTrade agreements|2gcpds |
| 690 | 07|aTrade policy|2gcpds |
| 720 | 1 |aHay, John B. |
| 776 | 0#|tAsia-Pacific: questions and answers : |w(CaOODSP)9.686233 |